000 00755nam a22002417a 4500
001 86
003 FISKH
005 20250731142227.0
008 230222b cb ||||| |||| 00| 0 eng d
020 _a9780545070768
040 _aMePoLT
_cMePoLT
_erda
_beng
_dFISKH
050 _aPZ23 W538
082 _a813.54
100 1 _aWilhelm, Hans.
245 1 0 _aI'm So Grumpy - A Noodles Book (Noodles, Level 1 - Beginning Reader).
264 1 _bScholastic,
_c2008.
300 _a15 leaves of plates
_c23 cm.
500 _aNoodles is grumpy. What is going to make him feel better?
520 _aI'm So Grumpy - A Noodles Book (Noodles, Level 1 - Beginning Reader) by Hans Wilhelm (2008)
521 8 _a220
_bLexile
521 8 _aD
_bRaz-Plus
942 _2ddc
_cBK
999 _c86
_d86